[Event "NATO-ch 27th"]
[Site "Shrivenham"]
[Date "2016.08.25"]
[Round "6"]
[White "Mestek, Igor"]
[Black "Demjen, Attila"]
[Result "1/2-1/2"]
[WhiteElo "2077"]
[BlackElo "1991"]
[PlyCount "67"]
[EventDate "2016.08.22"]
[EventType "swiss"]
[EventRounds "7"]
[EventCountry "ENG"]
[SourceTitle "EXT 2018"]
[Source "ChessBase"]
[SourceDate "2017.10.13"]
[SourceVersion "1"]
[SourceVersionDate "2017.10.13"]
[SourceQuality "1"]

1. e4 c6 2. Nf3 d5 3. Nc3 dxe4 4. Nxe4 Bg4 5. Qe2 e6 6. d3 Nf6 7. Bd2 Nbd7 8. h3 Bh5 9. g4 Bg6 10. Bg2 Be7 11. 0-0-0 a5 12. Bc3 Qc7 13. Nd4 Nd5 14. Bd2 Nf4 15. Qf3 Nxg2 16. Qxg2 Bxe4 17. dxe4 0-0-0 18. Be3 Bc5 19. Kb1 Qb6 20. Rd3 Ne5 21. Rb3 Qa7 22. Ne2 Nc4 23. Bc1 Nd2+ 24. Bxd2 Rxd2 25. Qf3 b5 26. Rd3 Rd8 27. e5 R8xd3 28. cxd3 Qd7 29. Rc1 Rxd3 30. Qe4 Rd1 31. Qxh7 Bxf2 32. Qc2 Rxc1+ 33. Nxc1 Be3 34. Nd3 1/2-1/2

[Event "HUN-chT2 Erkel 1516"]
[Site "Hungary"]
[Date "2015.11.29"]
[Round "5.9"]
[White "Demjen, Attila"]
[Black "Novaky, Csaba"]
[Result "1-0"]
[WhiteElo "1981"]
[BlackElo "2071"]
[PlyCount "79"]
[EventDate "2015.09.13"]
[EventType "team-tourn"]
[EventRounds "11"]
[EventCountry "HUN"]
[SourceTitle "CBM 170 Extra"]
[Source "ChessBase"]
[SourceDate "2016.02.25"]
[SourceVersion "1"]
[SourceVersionDate "2016.02.25"]
[SourceQuality "1"]
[WhiteTeam "HASE"]
[BlackTeam "Barcza BEAC"]
[WhiteTeamCountry "HUN"]
[BlackTeamCountry "HUN"]

1. e4 e5 2. Nf3 Nc6 3. Bb5 a6 4. Ba4 Nf6 5. 0-0 b5 6. Bb3 Be7 7. Re1 d6 8. c3 0-0 9. d4 Bg4 10. d5 Nb8 11. a4 Nbd7 12. axb5 axb5 13. Rxa8 Qxa8 14. Bc2 c5 15. h3 Bh5 16. g4 Bg6 17. g5 Nh5 18. Nh4 Qd8 19. Qg4 Nf4 20. Bxf4 exf4 21. Nf3 f6 22. Qxf4 fxg5 23. Qg3 Nf6 24. Nbd2 Nh5 25. Qh2 Nf4 26. Kh1 Kh8 27. b4 Nxd5 28. exd5 Bxc2 29. Qg2 Bf6 30. Ne4 h6 31. Re2 Bxe4 32. Rxe4 Bxc3 33. bxc5 dxc5 34. Ne5 Bxe5 35. Rxe5 Rf6 36. Qe4 Rf8 37. Re6 Qa8 38. Qe5 Rd8 39. Rxh6+ Kg8 40. Qe6+ 1-0

[Event "NATO-ch 26th"]
[Site "Amsterdam"]
[Date "2015.07.07"]
[Round "2.17"]
[White "Demjen, Attila"]
[Black "Onley, David E"]
[Result "0-1"]
[WhiteElo "1991"]
[BlackElo "2120"]
[PlyCount "68"]
[EventDate "2015.07.06"]
[EventType "swiss"]
[EventRounds "7"]
[EventCountry "NED"]
[SourceTitle "EXT 2016"]
[Source "ChessBase"]
[SourceDate "2015.10.08"]
[SourceVersion "1"]
[SourceVersionDate "2015.10.08"]
[SourceQuality "1"]
[WhiteTeam "Hungary"]
[BlackTeam "Great Britain"]
[WhiteTeamCountry "HUN"]
[BlackTeamCountry "GBR"]

1. e4 c5 2. c3 d6 3. d4 Nf6 4. Bd3 cxd4 5. cxd4 g6 6. Ne2 Bg7 7. 0-0 0-0 8. Nbc3 Nc6 9. a3 e5 10. d5 Ne7 11. Bd2 Nd7 12. b4 f5 13. f3 Nf6 14. Kh1 fxe4 15. Bxe4 Bd7 16. Be3 Kh8 17. Qd2 Qe8 18. Bh6 Rc8 19. Bxg7+ Kxg7 20. Rac1 Qd8 21. Rfe1 Qb6 22. Ng3 a5 23. b5 Qc5 24. a4 Qb4 25. Nge2 Bf5 26. Rb1 Qc4 27. Rec1 Bxe4 28. Nxe4 Nxe4 29. Rxc4 Nxd2 30. Rxc8 Rxc8 31. Rd1 Rc2 32. f4 Nxd5 33. fxe5 dxe5 34. h3 Nb6 0-1

[Event "NATO-ch 24th"]
[Site "Rynia"]
[Date "2013.08.14"]
[Round "4"]
[White "Demjen, Attila"]
[Black "Bohn, Ulrich"]
[Result "0-1"]
[WhiteElo "2013"]
[BlackElo "2175"]
[PlyCount "50"]
[EventDate "2013.08.12"]
[EventType "swiss"]
[EventRounds "7"]
[EventCountry "POL"]
[SourceTitle "CBM 156 Extra"]
[Source "ChessBase"]
[SourceDate "2013.10.22"]
[SourceVersion "1"]
[SourceVersionDate "2013.10.22"]
[SourceQuality "1"]

1. e4 g6 2. d4 Bg7 3. f4 c5 4. d5 d6 5. c4 f5 6. exf5 Bxf5 7. Bd3 Nh6 8. Ne2 b5 9. cxb5 a6 10. bxa6 Nxa6 11. 0-0 Qb6 12. Bxf5 Nxf5 13. Kh1 0-0 14. Nbc3 Nb4 15. a3 Qa6 16. Rb1 Nd3 17. b4 c4 18. a4 Qa7 19. Ne4 Ne3 20. Bxe3 Qxe3 21. N2g3 h5 22. Rf3 Qd4 23. Ng5 Nf2+ 24. Rxf2 Qxf2 25. b5 c3 0-1